Keutamaan Keluarga Rasulullah S.A.W. / (Record no. 1313)

000 -LEADER
fixed length control field nam a22 a 4500
005 - DATE AND TIME OF LATEST TRANSACTION
control field 20170509095023.0
008 - FIXED-LENGTH DATA ELEMENTS--GENERAL INFORMATION
fixed length control field 170509b1988 my ||||| |||| 00| 0 may d
020 ## - INTERNATIONAL STANDARD BOOK NUMBER
International Standard Book Number 9836100504
040 ## - CATALOGING SOURCE
Original cataloging agency AKMAL
082 ## - DEWEY DECIMAL CLASSIFICATION NUMBER
Classification number 297.64 KHA
090 ## - LOCALLY ASSIGNED LC-TYPE CALL NUMBER (OCLC); LOCAL CALL NUMBER (RLIN)
Classification number (OCLC) (R) ; Classification number, CALL (RLIN) (NR) 297.64
Local cutter number (OCLC) ; Book number/undivided call number, CALL (RLIN) KHA
100 ## - MAIN ENTRY--PERSONAL NAME
Personal name K.H. ABDULLAH BIN NUH
9 (RLIN) 2592
245 ## - TITLE STATEMENT
Title Keutamaan Keluarga Rasulullah S.A.W. /
Statement of responsibility, etc. K.H. Abdullah Bin Nuh
260 ## - PUBLICATION, DISTRIBUTION, ETC.
Place of publication, distribution, etc. Klang, Selangor
Name of publisher, distributor, etc. KLANG BOOK CENTRE
Date of publication, distribution, etc. 1988
300 ## - PHYSICAL DESCRIPTION
Extent 242 ms.
Dimensions cm
599 ## - LOCAL NOTE
Local Note DALAM PROSES
942 ## - ADDED ENTRY ELEMENTS (KOHA)
Source of classification or shelving scheme
Koha item type Book
Holdings
Withdrawn status Lost status Source of classification or shelving scheme Damaged status Not for loan Collection code Home library Current library Shelving location Date acquired Inventory number Total Checkouts Full call number Barcode Date last seen Price effective from Koha item type
          NON-FICTION AKMAL Melaka AKMAL Melaka PINJAMAN 09.05.2017 200146   297.64 KHA 201702501 09.05.2017 09.05.2017 Book
Pusat Sumber Maklumat Dato' Haji Sarmin Md Hussin, Akademi Kastam Diraja Malaysia, Melaka
Tel: 06-2331106 | Faks: 06-2313787